| 000 | 00329nam a22001097a 4500 | ||
|---|---|---|---|
| 999 |
_c530536 _d530536 |
||
| 082 | _aC4x54 Su16 | ||
| 100 |
_aSubramaniam, A. _954597 |
||
| 245 |
_aConstitutional law of India _cby A. Subramaniam and M. Sarojanamma |
||
| 260 |
_aHaryana _bAllahabad Law Agency _c2024 |
||
| 300 | _a552p. | ||
| 650 |
_aConstitutional law - India _954598 |
||